000
00311nam a2200109Ia 4500
008
220204s9999 xx 000 0 und d
082
_a
82-3
_b
SHA
100
_a
Shakespeare, William
245
0
_a
Romeo and Juliet; As you like it;Macbeth and King Lear; The Merchant of Venice
260
_a
Java
_b
Dax
942
_c
BK
999
_c
38641
_d
38641